Владивостокский альбом (Запись № 3776855)

Подробности
000 -МАРКЕР
контрольное поле 01512nam0a2200337 i 4500
001 - ИДЕНТИФИКАТОР ЗАПИСИ
контрольное поле RU\NLR\bibl\1968395
005 - ИДЕНТИФИКАТОР ВЕРСИИ
контрольное поле 20241104161826.0
010 ## - МЕЖДУНАРОДНЫЙ СТАНДАРТНЫЙ НОМЕР КНИГИ (ISBN)
Номер (ISBN) 9785855380743
Тираж 2000
021 ## - НОМЕР ГОСУДАРСТВЕННОЙ РЕГИСТРАЦИИ
Код страны Российская Федерация
Номер 2012-3154и
Номер Листа государственной регистраци 369и
035 ## - ДРУГИЕ СИСТЕМНЫЕ НОМЕРА
Идентификатор записи (NLR Aleph) 001957276
100 ## - ДАННЫЕ ОБЩЕЙ ОБРАБОТКИ
Данные общей обработки 20121119d2012 u y0rusy50 ca
101 1# - ЯЗЫК РЕСУРСА
Язык текста, звукозаписи и т.д. русский
-- английский
Язык оригинала английский
102 ## - СТРАНА ПУБЛИКАЦИИ ИЛИ ПРОИЗВОДСТВА
Страна публикации Российская Федерация
105 ## - ПОЛЕ КОДИРОВАННЫХ ДАННЫХ: ТЕКСТОВЫЕ МАТЕРИАЛЫ, МОНОГРАФИЧЕСКИЕ
Кодированные данные о монографическом текстовом документе a |||||||||
200 1# - ЗАГЛАВИЕ И СВЕДЕНИЯ ОБ ОТВЕТСТВЕННОСТИ
Основное заглавие Владивостокский альбом
Параллельное заглавие The Vladivostok album
Первые сведения об ответственности Элеонора Лорд Прей
Последующие сведения об ответственности пер. с англ. Максима Немцова
-- сост., предисл. и коммент. Биргитты Ингемансон
Язык параллельного заглавия английский
210 ## - ПУБЛИКАЦИЯ, РАСПРОСТРАНЕНИЕ И ДР.
Место издания, распространения и т.д. Vladivostok
Имя издателя, распространителя и т. д. Рубеж
Дата издания, распространения и т.д. 2012
215 ## - ФИЗИЧЕСКАЯ ХАРАКТЕРИСТИКА
Специфическое обозначение материала и объем 143 с.
Другие сведения о физической характеристике ил., портр., факс.
Размеры 23х27
300 ## - ОБЩИЕ ПРИМЕЧАНИЯ
Текст примечания Авт. также на англ. яз.: Eleanor L. Pray
300 ## - ОБЩИЕ ПРИМЕЧАНИЯ
Текст примечания Текст парал. на рус. и англ. яз.
510 1# - ПАРАЛЛЕЛЬНОЕ ЗАГЛАВИЕ
Связь между полями z20790
Параллельное заглавие The Vladivostok album
Язык заглавия английский
607 ## - ГЕОГРАФИЧЕСКОЕ НАИМЕНОВАНИЕ КАК ПРЕДМЕТ
Географическое наименование Владивосток, город
Формальный подзаголовок Альбомы
Тематический подзаголовок История
Хронологический подзаголовок кон. 19 - 1-я треть 20 вв.
Системный номер авторитетной/нормативной записи 2600401
Идентификатор авторитетной/нормативной записи RU\NLR\auth\661536959
686 ## - ИНДЕКСЫ ДРУГИХ КЛАССИФИКАЦИЙ
Индекс Т3(2Р-4Пр-2В)52я6
700 #1 - ИМЯ ЛИЦА - ПЕРВИЧНАЯ ОТВЕТСТВЕННОСТЬ
Код отношения Автор
Графика поля Кириллица
Материалы, к которым относится поле rus
Начальный элемент ввода Прей
Часть имени, кроме начального элемента ввода Э. Л.
Даты 1868-1954
Расширение инициалов личного имени Элеонора Лорд
Системный номер авторитетной/нормативной записи 209081
Идентификатор авторитетной/нормативной записи RU\NLR\AUTH\770209135
702 #1 - ИМЯ ЛИЦА - ВТОРИЧНАЯ ОТВЕТСТВЕННОСТЬ
Начальный элемент ввода Ингемансон
Часть имени, кроме начального элемента ввода Б.
Расширение инициалов личного имени Биргитта
Код отношения Составитель
790 #1 - ИМЯ ЛИЦА - АЛЬТЕРНАТИВНАЯ ФОРМА
Связь между полями z20510
Начальный элемент ввода Pray
Часть имени, кроме начального элемента ввода E. L.
Расширение инициалов личного имени Eleanor Lord
Код отношения Автор
801 #0 - ИСТОЧНИК ЗАПИСИ
Страна Российская Федерация
Организация NLR
Дата составления 20121119
Правила каталогизации RCR
801 #1 - ИСТОЧНИК ЗАПИСИ
Страна Российская Федерация
Организация NLR
Дата составления 20121119
942 ## - ДОПОЛНИТЕЛЬНЫЕ ЭЛЕМЕНТЫ ЗАПИСИ (АБИС)
Тип экземпляра АБИС Книга
980 ## - КОЛЛЕКЦИЯ
Название коллекции НБР

Нет доступных экземпляров.